Epístolas morales
Spremljeno u:
| Glavni autor: | |
|---|---|
| Format: | Knjiga |
| Jezik: | španjolski |
| Izdano: |
Madrid
Librería de los Sucesores de Hernando
1910
|
| Serija: | Biblioteca Clásica, 66
|
| Teme: | |
| Oznake: |
Dodaj oznaku
Bez oznaka, Budi prvi tko označuje ovaj zapis!
|
MARC
| LEADER | 00000nam a2200000 a 4500 | ||
|---|---|---|---|
| 001 | UCP4026 | ||
| 003 | CL-VaPUC | ||
| 008 | 990709e19100000SP |||||||||||||||||spa|d | ||
| 082 | 0 | 4 | |a 876 |b SEN |2 21 |
| 100 | |a Séneca, Lucio Anneo |e author |9 313328 | ||
| 245 | 1 | 0 | |a Epístolas morales |
| 300 | |a 576 p | ||
| 942 | |c BK | ||
| 945 | |d 19990709 00:00:00 |a lriquelm | ||
| 260 | |a Madrid |b Librería de los Sucesores de Hernando |c 1910 | ||
| 600 | 0 | |a Séneca, Lucio Anneo |9 313328 | |
| 650 | 0 | |a Correspondencia |9 258963 | |
| 650 | 0 | |a Epístolas |9 321181 | |
| 650 | 0 | |a Ética |9 255099 | |
| 583 | |a last modification |c 19990709 00:00:00 |k Rodrigo Vera | ||
| 490 | 0 | |a Biblioteca Clásica, 66 | |
| 999 | |c 282106 |d 282104 | ||
| 952 | |0 0 |1 0 |4 0 |6 876_000000000000000_SEN_1910 |7 0 |8 X |9 323535 |a BIBHIS |b BIBHIS |d 2019-11-20 |i 1364642 |o 876 SEN 1910 |p 1364642 |r 2024-01-30 |w 2019-11-20 |y BK_X |k HIS | ||